| 000 | 01137nam1a2200337 4500 | ||
|---|---|---|---|
| 001 | RU\NLR\bibl\79812 | ||
| 005 | 20260409072737.0 | ||
| 010 | _a5-288-01967-3 | ||
| 035 | _a(NLR Aleph) 000077913 | ||
| 090 |
_a432623 _c432623 |
||
| 100 | _a20260201 rusy50 | ||
| 101 | 0 | _arus | |
| 102 | _aRU | ||
| 105 | _ay ||||||||| | ||
| 200 | 1 |
_aДиалектика текста _e[В 2 т.] _fС.-Петерб. гос. ун-т _gОтв. ред. А.И. Варшавская |
|
| 210 |
_aСПб. _cИзд-во СПбГУ _d1999 |
||
| 215 | _d20 | ||
| 463 | 0 | _100175030 | |
| 463 | 0 | _1001456539 | |
| 606 |
_aТекст (лингв.) _3RU\NLR\auth\661077073 _91745069 |
||
| 606 | 0 |
_aСтилистика _91007736 _3RU\NLR\auth\6665432 |
|
| 686 | _aШ102.23 | ||
| 686 | _aШ107.0 | ||
| 702 | 1 |
_aВаршавская _bА. И. _4340 |
|
| 712 | 0 | 2 |
_4570 _aИмператорский Санкт-Петербургский университет _3RU\NLR\AUTH\882129 _9274885 |
| 801 | 0 |
_aRU _bNLR _c20000410 _gPSBO |
|
| 801 | 1 |
_aRU _bNLR _c20000410 |
|
| 852 |
_aNLR _j2000-3/692 |
||
| 942 | _cBOOK | ||
| 980 | _aNB | ||